Reinforced concrete structures (Record no. 11959)

000 -LEADER
fixed length control field 00572nam a2200217 a 4500
001 - CONTROL NUMBER
control field 11959
003 - CONTROL NUMBER IDENTIFIER
control field BD-DhUET
008 - FIXED-LENGTH DATA ELEMENTS--GENERAL INFORMATION
fixed length control field 741112s1975 nyua b 001 0 eng
020 ## - INTERNATIONAL STANDARD BOOK NUMBER
International Standard Book Number 0471659177
040 ## - CATALOGING SOURCE
Original cataloging agency DLC
Transcribing agency DLC
Modifying agency BD-DhUET
082 00 - DEWEY DECIMAL CLASSIFICATION NUMBER
Classification number 624.183
Item number PAR/1975
100 1# - MAIN ENTRY--PERSONAL NAME
Personal name Park, R.
245 10 - TITLE STATEMENT
Title Reinforced concrete structures
250 ## - EDITION STATEMENT
Edition statement 1st ed.
260 ## - PUBLICATION, DISTRIBUTION, ETC. (IMPRINT)
Place of publication, distribution, etc. New York
Name of publisher, distributor, etc. John Wiley & sons
Date of publication, distribution, etc. 1975
300 ## - PHYSICAL DESCRIPTION
Extent xvii, 769 p.
Other physical details ill.
Dimensions 24 cm.
504 ## - BIBLIOGRAPHY, ETC. NOTE
Bibliography, etc Includes bibliographies
650 #0 - SUBJECT ADDED ENTRY--TOPICAL TERM
Topical term or geographic name as entry element Reinforced concrete construction
700 ## - ADDED ENTRY--PERSONAL NAME
Personal name Paulay, T.
942 ## - ADDED ENTRY ELEMENTS (KOHA)
Koha item type General Book
Holdings
Date acquired Koha full call number Sublocation or collection (holding branch) Koha normalized classification for sorting Lost status Price effective from Not for loan Copy number Damaged status Withdrawn status Koha date last seen Koha item type Shelving location Piece designation (barcode) Source of classification or shelving scheme Location (home branch)
2015-02-22624.183/PAR/1975Central Library, BUET624_183000000000000_PAR_1975 2015-02-22 1  2015-02-22General BookCirculation section45222 Central Library, BUET
2015-05-05624.183/PAR/1975Central Library, BUET624_183000000000000_PAR_1975 2015-05-05 2  2015-05-05General BookCirculation section53443 Central Library, BUET
2015-05-06624.183/PAR/1975Central Library, BUET624_183000000000000_PAR_1975 2015-05-06 3  2015-05-06General BookCirculation section53440 Central Library, BUET
2015-05-07624.183/PAR/1975Central Library, BUET624_183000000000000_PAR_1975 2015-05-07 4  2015-05-07General BookCirculation section45221 Central Library, BUET
2015-05-07624.183/PAR/1975Central Library, BUET624_183000000000000_PAR_1975 2015-05-07 5  2015-05-07General BookCirculation section51135 Central Library, BUET
2015-06-25624.183/PAR/1975Central Library, BUET624_183000000000000_PAR_1975 2015-06-25 6  2015-06-25General BookReading section44970 Central Library, BUET
1982-06-16624.183 PAR/1975Central Library, BUET624_183000000000000_PAR_1975 2024-06-30 7  2024-06-30General BookCataloging section53439 Central Library, BUET